[Event "ITA-ch U20 2019"]
[Site "Padova"]
[Date "2019.12.05"]
[Round "13"]
[White "Loiacono, Leonardo"]
[Black "Seresin, Francesco"]
[Result "1-0"]
[WhiteElo "2297"]
[BlackElo "2367"]
[Annotator "NA"]
[PlyCount "171"]
[EventDate "2019.11.28"]
[EventType "tourn"]
[EventCountry "ITA"]
[SourceTitle "playchess.com"]
[Source "ChessBase"]
[SourceQuality "1"]

1. d4 Nf6 2. c4 g6 3. Nc3 Bg7 4. e4 d6 5. Nf3 O-O 6. Be2 e5 7. O-O Nc6 8. d5 Ne7 9. b4 a5 10. Ba3 Re8 11. Re1 Nh5 12. c5 axb4 13. Bxb4 dxc5 14. Bxc5 c6 15. dxc6 Nxc6 16. Qxd8 Rxd8 17. Nd5 Nf4 18. Bc4 Be6 19. Rad1 Na5 20. Bb6 Nxc4 21. Bxd8 Bxd5 22. exd5 Rxd8 23. d6 f6 24. d7 Kf7 25. Re4 Na5 26. Rb4 Ke7 27. g3 Ne2+ 28. Kf1 Nc3 29. Rd3 Nc6 30. Rxb7 Nxa2 31. Rd2 Nab4 32. Ng1 f5 33. Ne2 e4 34. f3 Nd3 35. fxe4 fxe4 36. Nf4 Nxf4 37. gxf4 Nd4 38. Kf2 Rxd7 39. Rxd7+ Kxd7 40. Ke3 Ke6 41. Kxe4 Nf5 42. Ra2 Nd6+ 43. Kf3 Bf6 44. Ra5 Be7 45. Kg4 Nf5 46. Ra6+ Kf7 47. Ra7 h5+ 48. Kf3 Ke6 49. Ra6+ Bd6 50. Ke4 Kf7 51. Ra7+ Be7 52. Ke5 Nh6 53. h3 Nf5 54. Rc7 Nd6 55. Ra7 Nc4+ 56. Ke4 Ke6 57. Ra6+ Nd6+ 58. Kf3 Kf6 59. Ra5 Kf7 60. Ra7 Ke6 61. Ra5 Bf6 62. Ra6 Bd4 63. Ra5 Bb6 64. Rg5 Kf6 65. Rd5 Nf7 66. Rb5 Bc7 67. Rc5 Bd6 68. Ra5 Nd8 69. Rd5 Bc7 70. Rd7 Ne6 71. Rh7 Bxf4 72. Ra7 Bd6 73. Ra6 Bc5 74. Ke4 Bb4 75. Kd5 Kg5 76. Rxe6 Ba5 77. Ke4 Kh4 78. Rxg6 Kxh3 79. Rg5 Bd8 80. Rxh5+ Kg4 81. Rh8 Bh4 82. Rg8+ Kh3 83. Kf3 Be1 84. Rh8+ Bh4 85. Rh7 Kh2 86. Rxh4+ 1-0